[Event "Oberliga Nord W 2223"]
[Site "Germany"]
[Date "2023.02.26"]
[Round "6.6"]
[White "Happe, Reinhold"]
[Black "Monnerjahn, Lukas"]
[Result "1-0"]
[WhiteElo "2101"]
[BlackElo "1865"]
[PlyCount "119"]
[EventDate "2022.10.23"]
[EventType "team-tourn"]
[EventRounds "9"]
[EventCountry "GER"]
[SourceTitle "EXT 2025"]
[Source "ChessBase"]
[SourceDate "2024.10.14"]
[SourceVersion "1"]
[SourceVersionDate "2024.10.14"]
[SourceQuality "1"]
[WhiteTeam "Hellern"]
[BlackTeam "Delmenhorst"]
[WhiteTeamCountry "GER"]
[BlackTeamCountry "GER"]

1. d4 d5 2. c4 e6 3. Nc3 Nf6 4. Bg5 c6 5. cxd5 exd5 6. e3 Be7 7. Bd3 0-0 8. Nge2 Nbd7 9. 0-0 h6 10. Bh4 Ne4 11. Bxe7 Qxe7 12. Bxe4 dxe4 13. Qc2 Nf6 14. Ng3 Re8 15. Rab1 b6 16. b4 Ba6 17. b5 cxb5 18. Nxb5 Nd5 19. a4 Nb4 20. Qxe4 Qd7 21. Qf5 Bxb5 22. Qxb5 Qxb5 23. axb5 Nd5 24. Rfc1 Rec8 25. Kf1 Rc3 26. e4 Rac8 27. Rd1 Nf4 28. Ne2 Nxe2 29. Kxe2 Kf8 30. Rd2 Ke7 31. Rbb2 R8c7 32. Rd3 Rc2+ 33. Rxc2 Rxc2+ 34. Rd2 Rc4 35. Kd3 Rb4 36. Ra2 Rxb5 37. Rxa7+ Ke6 38. d5+ Kf6 39. f4 g5 40. g3 Rb1 41. Ra2 gxf4 42. gxf4 Rb3+ 43. Kd4 Rb4+ 44. Ke3 Rb3+ 45. Kf2 Rh3 46. Kg2 Re3 47. Ra4 Rb3 48. Rc4 Ke7 49. Rc7+ Ke8 50. e5 b5 51. d6 b4 52. Rc8+ Kd7 53. Rf8 Rd3 54. Rxf7+ Ke8 55. Rb7 b3 56. f5 Rd5 57. f6 Rxe5 58. f7+ Kf8 59. d7 Rd5 60. Rb8+ 1-0

[Event "Oberliga Nord W 2223"]
[Site "Germany"]
[Date "2023.01.15"]
[Round "4.8"]
[White "Arntz, Christoph"]
[Black "Monnerjahn, Lukas"]
[Result "1-0"]
[WhiteElo "1927"]
[BlackElo "1762"]
[PlyCount "63"]
[EventDate "2022.10.23"]
[EventType "team-tourn"]
[EventRounds "9"]
[EventCountry "GER"]
[SourceTitle "EXT 2025"]
[Source "ChessBase"]
[SourceDate "2024.10.14"]
[SourceVersion "1"]
[SourceVersionDate "2024.10.14"]
[SourceQuality "1"]
[WhiteTeam "Ricklingen"]
[BlackTeam "Delmenhorst"]
[WhiteTeamCountry "GER"]
[BlackTeamCountry "GER"]

1. Nf3 Nf6 2. g3 g6 3. Bg2 Bg7 4. d4 d5 5. 0-0 0-0 6. Nbd2 c6 7. c4 Ne4 8. e3 Nxd2 9. Nxd2 e6 10. Qc2 b6 11. b3 Bb7 12. Ba3 Re8 13. Rac1 Nd7 14. cxd5 exd5 15. Nf3 Rc8 16. Rfd1 Nf8 17. Qd2 Ne6 18. Bb2 Qe7 19. Rc2 Rc7 20. Rdc1 Rec8 21. b4 Rd8 22. a3 c5 23. bxc5 bxc5 24. Qa5 c4 25. Qxa7 Ra8 26. Qb6 Bf8 27. Qb4 Qxb4 28. axb4 Bxb4 29. Bc3 Be7 30. Rb1 f6 31. Nd2 f5 32. Rxb7 1-0

[Event "Verden op-A"]
[Site "Verden"]
[Date "2023.01.06"]
[Round "3"]
[White "Monnerjahn, Lukas"]
[Black "Anderberg, Peter"]
[Result "1-0"]
[WhiteElo "1762"]
[BlackElo "1944"]
[PlyCount "63"]
[EventDate "2023.01.05"]
[EventType "swiss"]
[EventRounds "7"]
[EventCountry "GER"]
[SourceTitle "CBM 212 Extra"]
[Source "ChessBase"]
[SourceDate "2023.03.31"]
[SourceVersion "1"]
[SourceVersionDate "2023.03.31"]
[SourceQuality "1"]

1. d4 d5 2. Nf3 Nf6 3. c4 e6 4. g3 Be7 5. Bg2 0-0 6. 0-0 c6 7. Nbd2 b6 8. Ne5 Bb7 9. e4 c5 10. exd5 exd5 11. dxc5 Qc7 12. cxd5 Bxc5 13. Ndc4 Rd8 14. Bg5 Rxd5 15. Bxd5 Nxd5 16. Nd3 Bf8 17. Rc1 Qd7 18. Be3 Na6 19. Nde5 Qe6 20. Qg4 f5 21. Qe2 b5 22. Na5 Qxe5 23. Nxb7 f4 24. gxf4 Nxf4 25. Qf3 Nd3 26. Rcd1 Nxb2 27. Qd5+ Qxd5 28. Rxd5 Nc4 29. Rxb5 Nb4 30. a4 a6 31. Rf5 Rb8 32. Nc5 1-0

[Event "Verden op-A"]
[Site "Verden"]
[Date "2023.01.05"]
[Round "2"]
[White "Heirich, Andreas"]
[Black "Monnerjahn, Lukas"]
[Result "1/2-1/2"]
[WhiteElo "1969"]
[BlackElo "1762"]
[PlyCount "88"]
[EventDate "2023.01.05"]
[EventType "swiss"]
[EventRounds "7"]
[EventCountry "GER"]
[SourceTitle "CBM 212 Extra"]
[Source "ChessBase"]
[SourceDate "2023.03.31"]
[SourceVersion "1"]
[SourceVersionDate "2023.03.31"]
[SourceQuality "1"]

1. d4 d5 2. c4 c6 3. Nc3 Nf6 4. Bg5 e6 5. Nf3 Nbd7 6. e3 Qa5 7. Bxf6 Nxf6 8. Nd2 Bd6 9. Be2 0-0 10. 0-0 e5 11. Nb3 Qd8 12. cxd5 exd4 13. Nxd4 Nxd5 14. Nxd5 cxd5 15. Nf3 Be6 16. Qa4 Qb6 17. Qb5 Qxb5 18. Bxb5 Rfd8 19. Nd4 a6 20. Be2 Rac8 21. Rac1 Kf8 22. Bf3 Ke7 23. Rfd1 Be5 24. Kf1 Rxc1 25. Rxc1 Rd7 26. Ke2 Rc7 27. Rxc7+ Bxc7 28. Kd3 g6 29. g3 Kd6 30. b4 Bh3 31. a4 Bf1+ 32. Be2 Bxe2+ 33. Nxe2 Bd8 34. f4 f5 35. Nd4 Bf6 36. Nb3 Kc6 37. Nd4+ Kd6 38. h4 h5 39. Nb3 Kc6 40. Nd4+ Kd7 41. Nf3 Kd6 42. Ng5 Ke7 43. Nh7 Bb2 44. Ng5 Bf6 1/2-1/2

[Event "Bremen Silvester op-B"]
[Site "Bremen"]
[Date "2022.12.27"]
[Round "2"]
[White "Schwalbe, Niclas"]
[Black "Monnerjahn, Lukas"]
[Result "0-1"]
[WhiteElo "1507"]
[BlackElo "1762"]
[PlyCount "70"]
[EventDate "2022.12.27"]
[EventType "swiss"]
[EventRounds "7"]
[EventCountry "GER"]
[SourceTitle "CBM 211 Extra"]
[Source "ChessBase"]
[SourceDate "2023.01.31"]
[SourceVersion "1"]
[SourceVersionDate "2023.01.31"]
[SourceQuality "1"]

1. e4 e5 2. Nf3 Nc6 3. Bc4 Nf6 4. d3 Be7 5. c3 0-0 6. Nbd2 d5 7. Bb3 Bg4 8. Bc2 a5 9. 0-0 Re8 10. h3 Bh5 11. Re1 h6 12. Nf1 Bc5 13. Ng3 Bg6 14. Qe2 Qd7 15. Nh4 Rad8 16. Nxg6 fxg6 17. exd5 Nxd5 18. Qe4 Qf7 19. Be3 Bxe3 20. fxe3 Kh8 21. Rf1 Qe6 22. d4 exd4 23. exd4 Qxe4 24. Bxe4 Nce7 25. Rae1 c6 26. Bc2 Rf8 27. Rxf8+ Rxf8 28. Ne4 Nf5 29. g4 Nfe3 30. Bd3 Rf3 31. Kh2 Nf4 32. Nf2 Rxf2+ 33. Kg3 Nxd3 34. Rxe3 Rd2 35. b3 Nc1 0-1

[Event "Niedersachsen-ch op B"]
[Site "Verden"]
[Date "2019.01.05"]
[Round "6"]
[White "Monnerjahn, Lukas"]
[Black "Bieler, Janek"]
[Result "1/2-1/2"]
[WhiteElo "1713"]
[BlackElo "1571"]
[PlyCount "49"]
[EventDate "2019.01.03"]
[EventType "swiss"]
[EventRounds "7"]
[EventCountry "GER"]
[SourceTitle "EXT 2022"]
[Source "ChessBase"]
[SourceDate "2021.10.06"]
[SourceVersion "1"]
[SourceVersionDate "2021.10.06"]
[SourceQuality "1"]

1. d4 d5 2. c4 c6 3. Nc3 Nf6 4. Nf3 e6 5. Bg5 Be7 6. e3 0-0 7. Bd3 h6 8. Bh4 b6 9. 0-0 Bb7 10. Bxf6 Bxf6 11. cxd5 cxd5 12. Rc1 Nc6 13. Bb1 Rc8 14. Qd3 g6 15. Ne2 Qe7 16. Nf4 Nb4 17. Qd2 Kg7 18. Nd3 Nxd3 19. Bxd3 Qd7 20. Qb4 Be7 21. Bb5 Rxc1 22. Rxc1 Bxb4 23. Bxd7 Bd6 24. Ne5 Rd8 25. Bb5 1/2-1/2

[Event "Niedersachsen-ch op B"]
[Site "Verden"]
[Date "2019.01.04"]
[Round "4"]
[White "Monnerjahn, Lukas"]
[Black "Baldauf, Karsten"]
[Result "1-0"]
[WhiteElo "1713"]
[BlackElo "1642"]
[PlyCount "95"]
[EventDate "2019.01.03"]
[EventType "swiss"]
[EventRounds "7"]
[EventCountry "GER"]
[SourceTitle "EXT 2022"]
[Source "ChessBase"]
[SourceDate "2021.10.06"]
[SourceVersion "1"]
[SourceVersionDate "2021.10.06"]
[SourceQuality "1"]

1. d4 d5 2. c4 c6 3. Nc3 Nf6 4. Nf3 Na6 5. e3 Nc7 6. Qc2 g6 7. Bd3 Bg7 8. 0-0 0-0 9. e4 dxe4 10. Nxe4 Ne6 11. Be3 Ng4 12. h3 Nxe3 13. fxe3 Bh6 14. Rae1 Ng7 15. g4 Ne8 16. Ng3 Bg7 17. b3 Qc7 18. Ne2 Be6 19. Nf4 Bd7 20. Qf2 f5 21. Ng5 fxg4 22. Qh4 Nf6 23. Nfe6 Bxe6 24. Nxe6 Qd7 25. Nxf8 Rxf8 26. hxg4 Qxg4+ 27. Qxg4 Nxg4 28. Rxf8+ Bxf8 29. Kg2 Bh6 30. Kf3 Nf6 31. e4 e6 32. d5 e5 33. dxc6 bxc6 34. Bf1 Kf7 35. Rd1 Ke7 36. b4 Bf4 37. a4 h5 38. b5 c5 39. a5 g5 40. b6 axb6 41. axb6 g4+ 42. Kg2 Nd7 43. b7 Nb8 44. Rd5 h4 45. Rxc5 h3+ 46. Kh1 Kd6 47. Rc8 Na6 48. b8Q+ 1-0

[Event "Niedersachsen-ch op B"]
[Site "Verden"]
[Date "2018.01.07"]
[Round "7"]
[White "Kiesel, Lucas"]
[Black "Monnerjahn, Lukas"]
[Result "1-0"]
[WhiteElo "1837"]
[BlackElo "1652"]
[PlyCount "61"]
[EventDate "2018.01.04"]
[EventType "swiss"]
[EventRounds "7"]
[EventCountry "GER"]
[SourceTitle "EXT 2022"]
[Source "ChessBase"]
[SourceDate "2021.10.06"]
[SourceVersion "1"]
[SourceVersionDate "2021.10.06"]
[SourceQuality "1"]

1. d4 d5 2. c4 c6 3. Nf3 Nf6 4. Nc3 dxc4 5. a4 Bf5 6. e3 e6 7. Bxc4 Nbd7 8. 0-0 Bd6 9. Re1 Ne4 10. Bd3 Nxc3 11. bxc3 Bxd3 12. Qxd3 0-0 13. e4 e5 14. Bg5 f6 15. Bh4 Qe7 16. d5 Rac8 17. Nd2 Rfd8 18. Nb3 Nc5 19. Nxc5 Bxc5 20. c4 Bd4 21. Rab1 b6 22. Kf1 Qc5 23. Rec1 Rd7 24. f3 Rdc7 25. Be1 Be3 26. Rc3 Qd4 27. Qxe3 cxd5 28. exd5 Rxc4 29. Qxd4 exd4 30. Rxc4 Rxc4 31. Rb4 1-0

[Event "Niedersachsen-ch op B"]
[Site "Verden"]
[Date "2018.01.06"]
[Round "6"]
[White "Monnerjahn, Lukas"]
[Black "Lau, Theodor"]
[Result "1-0"]
[WhiteElo "1652"]
[BlackElo "1729"]
[PlyCount "56"]
[EventDate "2018.01.04"]
[EventType "swiss"]
[EventRounds "7"]
[EventCountry "GER"]
[SourceTitle "EXT 2022"]
[Source "ChessBase"]
[SourceDate "2021.10.06"]
[SourceVersion "1"]
[SourceVersionDate "2021.10.06"]
[SourceQuality "1"]

1. e4 b6 2. d4 Bb7 3. Nc3 e6 4. a3 Nf6 5. Bd3 Be7 6. Nf3 d5 7. e5 Nfd7 8. Ne2 c5 9. c3 Nc6 10. b4 Rc8 11. Bd2 cxd4 12. cxd4 f6 13. Nf4 Nf8 14. b5 Nb8 15. exf6 Bxf6 16. Qe2 Rc7 17. 0-0 Bc8 18. Bb4 g5 19. Bxf8 gxf4 20. Bh6 Rf7 21. Bxf4 Bd7 22. Ne5 Rg7 23. Bh6 Rgg8 24. Qh5+ Ke7 25. Qf7+ Kd6 26. Bf4 Kc7 27. Nc6+ Kc8 28. Nxd8 Rf8 1-0

[Event "Bremen Silvester op"]
[Site "Bremen"]
[Date "2017.12.28"]
[Round "3"]
[White "Weidenhoefer, Max"]
[Black "Monnerjahn, Lukas"]
[Result "1-0"]
[WhiteElo "1579"]
[BlackElo "1775"]
[PlyCount "61"]
[EventDate "2017.12.27"]
[EventType "swiss"]
[EventRounds "7"]
[EventCountry "GER"]
[SourceTitle "CBM 182 Extra"]
[Source "ChessBase"]
[SourceDate "2018.02.23"]
[SourceVersion "1"]
[SourceVersionDate "2018.02.23"]
[SourceQuality "1"]

1. e4 e5 2. Nf3 Nc6 3. Bc4 Bc5 4. c3 Nf6 5. d4 exd4 6. cxd4 Bb4+ 7. Nc3 Nxe4 8. 0-0 Bxc3 9. d5 Ne7 10. bxc3 0-0 11. Re1 Nd6 12. Bb3 Kh8 13. Ba3 b6 14. c4 Ba6 15. Qd3 Ng6 16. Ne5 Nxe5 17. Rxe5 Qf6 18. Rae1 b5 19. Bc2 g6 20. Bb4 bxc4 21. Qa3 Nb5 22. Qa5 Rfb8 23. a4 Nd4 24. Bc3 Nxc2 25. R5e2 Nd4 26. Re4 Qd6 27. Bxd4+ f6 28. Rd1 Re8 29. Bc5 Qxc5 30. Rxe8+ Rxe8 31. Qxc5 1-0

[Event "Lueneburg op-A"]
[Site "Lueneburg"]
[Date "2017.07.09"]
[Round "2"]
[White "Moeller, Dustin"]
[Black "Monnerjahn, Lukas"]
[Result "1-0"]
[WhiteElo "2079"]
[BlackElo "1734"]
[PlyCount "49"]
[EventDate "2017.07.08"]
[EventType "swiss"]
[EventRounds "9"]
[EventCountry "GER"]
[SourceTitle "CBM 179 Extra"]
[Source "ChessBase"]
[SourceDate "2017.08.23"]
[SourceVersion "1"]
[SourceVersionDate "2017.08.23"]
[SourceQuality "1"]

1. d4 d5 2. Nf3 Nf6 3. e3 e6 4. Bd3 Nbd7 5. 0-0 Bd6 6. c4 c6 7. b3 e5 8. Be2 e4 9. Nfd2 Qc7 10. h3 h5 11. Ba3 g5 12. Bxd6 Qxd6 13. g3 Ng4 14. hxg4 hxg4 15. Kg2 Rh2+ 16. Kxh2 Qh6+ 17. Kg1 Nf6 18. Qe1 Bd7 19. f4 gxf3 20. Bxf3 exf3 21. Nxf3 0-0-0 22. Rf2 Ng4 23. Rh2 Nxh2 24. Nxh2 Rh8 25. Qf2 1-0

[Event "Niedersachsen-ch op-C"]
[Site "Verden"]
[Date "2017.01.06"]
[Round "3"]
[White "Scheidt, Mike Niklas"]
[Black "Monnerjahn, Lukas"]
[Result "1-0"]
[WhiteElo "1580"]
[BlackElo "1785"]
[PlyCount "95"]
[EventDate "2017.01.05"]
[EventType "swiss"]
[EventRounds "7"]
[EventCountry "GER"]
[SourceTitle "CBM 187 Extra"]
[Source "ChessBase"]
[SourceDate "2018.11.04"]
[SourceVersion "1"]
[SourceVersionDate "2018.11.04"]
[SourceQuality "1"]

1. d4 Nf6 2. Nc3 d5 3. Bf4 c6 4. Qd2 Bf5 5. f3 h6 6. g4 Bh7 7. e3 e6 8. 0-0-0 a5 9. Kb1 b5 10. Nh3 a4 11. Ne2 b4 12. Nc1 Qa5 13. Ka1 Nbd7 14. Nf2 Nb6 15. Bd3 Nc4 16. Qe1 Bxd3 17. Nfxd3 Be7 18. Rg1 Qa7 19. Nxb4 g5 20. Be5 Bxb4 21. Qxb4 Nxe3 22. Rd2 Qe7 23. Qxe7+ Kxe7 24. b3 Rhc8 25. Bxf6+ Kxf6 26. Re1 Nxc2+ 27. Rxc2 axb3 28. Nxb3 Rcb8 29. Kb2 Ra4 30. Rd1 Rb6 31. Kc3 Rba6 32. Rdd2 Ra3 33. Kd3 Kg6 34. Ke2 Rb6 35. Nc5 Rb1 36. Rd1 Rxd1 37. Kxd1 Rxf3 38. Nd7 Rf4 39. Ne5+ Kf6 40. Rd2 Kg7 41. h3 Rf1+ 42. Kc2 Rh1 43. Rd3 f5 44. Kb2 Kf6 45. Rc3 f4 46. a4 c5 47. Rxc5 Rxh3 48. Rc7 1-0

[Event "Niedersachsen-ch op-C"]
[Site "Verden"]
[Date "2016.01.04"]
[Round "3"]
[White "Monnerjahn, Lukas"]
[Black "Niemann, Leon Pascal"]
[Result "1-0"]
[WhiteElo "1287"]
[BlackElo "1090"]
[PlyCount "111"]
[EventDate "2016.01.03"]
[EventType "swiss"]
[EventRounds "7"]
[EventCountry "GER"]
[SourceTitle "EXT 2018"]
[Source "ChessBase"]
[SourceDate "2017.10.13"]
[SourceVersion "1"]
[SourceVersionDate "2017.10.13"]
[SourceQuality "1"]

1. e4 c5 2. Nf3 Nc6 3. Bc4 g6 4. Nc3 Bg7 5. 0-0 Nf6 6. d3 0-0 7. Be3 b6 8. Re1 e6 9. Bg5 Ne7 10. e5 Ne8 11. Ne4 h6 12. Bh4 Bb7 13. Nd6 Rb8 14. d4 Bxf3 15. Qxf3 cxd4 16. Nb7 Rxb7 17. Qxb7 g5 18. Bg3 Nc6 19. Bb5 Qc7 20. Bxc6 dxc6 21. Qxc7 Nxc7 22. f4 g4 23. Rad1 c5 24. b4 Nd5 25. bxc5 bxc5 26. Rb1 Nc3 27. Rb7 Nxa2 28. Rxa7 Nb4 29. Rc1 Rb8 30. Be1 Nd5 31. g3 Ne3 32. Bf2 Nd5 33. Kf1 Nc3 34. Be1 Nd5 35. Ke2 Bf8 36. Rca1 Rb2 37. R1a2 Rb5 38. Rd7 Ne3 39. Bd2 Nd5 40. Raa7 Rb2 41. Kd3 c4+ 42. Kxd4 Rxc2 43. Ba5 Rxh2 44. Rxf7 c3 45. Bxc3 Nxc3 46. Kxc3 Rg2 47. Rf6 Rxg3+ 48. Kd4 h5 49. Ra8 h4 50. Raxf8+ Kg7 51. Rc8 h3 52. Rc7+ Kg8 53. Rxe6 Kf8 54. Rb6 Rb3 55. Rxb3 h2 56. Rb8# 1-0

[Event "Niedersachsen-ch op-C"]
[Site "Verden"]
[Date "2016.01.04"]
[Round "4"]
[White "Wehrhahn, Duncan"]
[Black "Monnerjahn, Lukas"]
[Result "1-0"]
[WhiteElo "1470"]
[BlackElo "1287"]
[PlyCount "105"]
[EventDate "2016.01.03"]
[EventType "swiss"]
[EventRounds "7"]
[EventCountry "GER"]
[SourceTitle "EXT 2018"]
[Source "ChessBase"]
[SourceDate "2017.10.13"]
[SourceVersion "1"]
[SourceVersionDate "2017.10.13"]
[SourceQuality "1"]

1. e4 c5 2. Nf3 Nc6 3. d4 cxd4 4. Nxd4 e5 5. Nb5 Nf6 6. Bg5 Be7 7. Bxf6 Bxf6 8. Nd6+ Ke7 9. Nc3 Nd4 10. Nxc8+ Rxc8 11. Nd5+ Kf8 12. c3 Ne6 13. Nxf6 gxf6 14. Qa4 a6 15. Qb4+ Nc5 16. Rd1 Rg8 17. g3 d6 18. Bg2 Rc6 19. 0-0 Qb6 20. Qxb6 Rxb6 21. b3 Ke7 22. f4 Rc6 23. Rd2 h6 24. fxe5 fxe5 25. Rdf2 Rf8 26. Rf6 d5 27. Rxc6 bxc6 28. exd5 cxd5 29. Bxd5 Rd8 30. Rxf7+ Ke8 31. Bc4 Rd1+ 32. Kg2 Rd2+ 33. Kh3 Rxa2 34. Rf6 Rc2 35. Bxa6 Nxa6 36. Rxa6 Rxc3 37. Rxh6 Kf7 38. b4 Rb3 39. Rb6 e4 40. Kg4 e3 41. Kf3 Rb2 42. Kxe3 Rxh2 43. b5 Rb2 44. Rb7+ Ke6 45. Kf4 Rf2+ 46. Kg5 Rf5+ 47. Kg4 Rc5 48. b6 Rb5 49. Kh4 Kf5 50. Rb8 Kg6 51. b7 Rb4+ 52. g4 Kf7 53. Rh8 1-0